|
|
|
|
| LEADER |
00000nab a2200000 a 4500 |
| 001 |
vtls000076731 |
| 003 |
SK-MaSNL |
| 005 |
20260303193408.0 |
| 008 |
111103c1981 xo 0 slo |
| 015 |
|
|
|a SNBRB19rr/mm-uuuuu
|
| 035 |
|
|
|a CL0086832
|
| 040 |
|
|
|a SNKBUCL
|b slo
|c SNKBUCL
|e AACR2
|
| 041 |
0 |
|
|a slo
|
| 044 |
|
|
|a xo
|c SK
|
| 080 |
|
|
|a 69
|2 1981
|
| 100 |
1 |
|
|a Meško, Jaroslav,
|d 1927-1983
|4 aut
|9 234120
|
| 245 |
1 |
0 |
|a Bratislava: 6293 bytov prevzatých
|b Mimoriadne opatrenia-decembrové pracovné nasadenie prinieslo mimoriadny úspech
|c Jaroslav Meško
|
| 650 |
0 |
7 |
|a byty
|2 snkbucl
|9 3905
|
| 650 |
0 |
7 |
|a bytová výstavba
|2 snkbucl
|9 3036
|
| 651 |
|
7 |
|a 5100
|2 snkbucl
|9 166206
|
| 655 |
|
7 |
|a články z novín a časopisov
|2 snkbucl
|9 267496
|
| 773 |
0 |
|
|t Pravda
|g Roč. 62, č. 13 (16. 1. 1981), s. 1-2
|
| 850 |
|
|
|a Slovenská národná knižnica v Martine
|a MTA001
|
| 852 |
|
|
|a SNK
|b KIS3GCP
|
| 958 |
|
|
|a RK
|
| 992 |
|
|
|a RBX
|
| 999 |
|
|
|c 2152166
|d 2154096
|